Т. 50, № 5; Химия высоких энергий

Bibliographische Detailangaben
Parent link:Химия высоких энергий: журнал/ Российская академия наук (РАН), Отделение химии и наук о материалах РАН. Т. 50, № 5.— , 1968-
Sprache:Russisch
Veröffentlicht: 2016
Format: MixedMaterials Buch
KOHA link:https://koha.lib.tpu.ru/cgi-bin/koha/opac-detail.pl?biblionumber=567990

MARC

LEADER 00000nam2a2200000 4500
001 567990
005 20231101124447.0
035 |a (RuTPU)RU\TPU\prd\265036 
090 |a 567990 
100 |a 20161107a19679999k y0rusy50 ca 
101 0 |a rus 
102 |a RU 
200 0 |a Т. 50, № 5 
210 |d 2016 
461 1 |0 (RuTPU)RU\TPU\prd\422  |t Химия высоких энергий  |o журнал  |f Российская академия наук (РАН), Отделение химии и наук о материалах РАН  |v Т. 50, № 5  |d 1968- 
801 0 |a RU  |b 63413507  |c 20010227  |g PSBO 
801 1 |a RU  |b 63413507  |c 20161107 
801 2 |a RU  |b 63413507  |c 20230627  |g RCR 
942 |c BK 
999 |a НТБ_ТПУ  |b НФ  |e -1/20160111  |p П-7816  |s 1/20160622  |u 0,00  |v 1